[Event "Pereira Fiestas de la Cosecha"]
[Site "Pereira"]
[Date "2022.08.28"]
[Round "10"]
[White "Malka, Samuel"]
[Black "Cuellar Canosa, Nicolas"]
[Result "1-0"]
[WhiteElo "2185"]
[BlackElo "1819"]
[PlyCount "57"]
[EventDate "2022.08.24"]
[EventType "swiss"]
[EventRounds "10"]
[EventCountry "COL"]
[SourceTitle "CBM 210 Extra"]
[Source "ChessBase"]
[SourceDate "2022.11.30"]
[SourceVersion "1"]
[SourceVersionDate "2022.11.30"]
[SourceQuality "1"]

1. Nf3 Nf6 2. c4 e6 3. g3 b6 4. Bg2 Bb7 5. 0-0 Be7 6. Nc3 0-0 7. Re1 d5 8. cxd5 exd5 9. d4 Nbd7 10. Bf4 c6 11. Ne5 Re8 12. Rc1 Nxe5 13. dxe5 Nh5 14. e3 Nxf4 15. exf4 Qd7 16. Qb3 Qe6 17. Ne2 c5 18. Nc3 c4 19. Qc2 g6 20. Rcd1 Red8 21. Nb5 Qc8 22. e6 f6 23. f5 Kg7 24. h4 Qc5 25. Nd4 Rac8 26. fxg6 hxg6 27. h5 gxh5 28. Nf5+ Kh8 29. Qe2 1-0

[Event "Pereira Fiestas de la Cosecha"]
[Site "Pereira"]
[Date "2022.08.25"]
[Round "3"]
[White "Paez, Adolfo"]
[Black "Cuellar Canosa, Nicolas"]
[Result "0-1"]
[WhiteElo "1581"]
[BlackElo "1819"]
[PlyCount "100"]
[EventDate "2022.08.24"]
[EventType "swiss"]
[EventRounds "10"]
[EventCountry "COL"]
[SourceTitle "CBM 210 Extra"]
[Source "ChessBase"]
[SourceDate "2022.11.30"]
[SourceVersion "1"]
[SourceVersionDate "2022.11.30"]
[SourceQuality "1"]

1. e4 d5 2. exd5 Nf6 3. d4 Bg4 4. f3 Bf5 5. Bd3 Qxd5 6. Nc3 Qa5 7. Nge2 e6 8. 0-0 Nc6 9. Be3 0-0-0 10. a3 Bxd3 11. Qxd3 Ne5 12. Qb5 Qxb5 13. Nxb5 Nc4 14. Bc1 a6 15. Nbc3 c5 16. b3 cxd4 17. bxc4 dxc3 18. Nxc3 Rd4 19. Rb1 Rxc4 20. Rb3 Bc5+ 21. Kh1 Rd8 22. g3 Rd7 23. Re1 Bd4 24. Ne4 Rxc2 25. Be3 Nxe4 26. fxe4 Bxe3 27. Rbxe3 Rdd2 28. h4 e5 29. Rf3 f6 30. Rb3 Rc4 31. Reb1 b5 32. Re3 Kc7 33. g4 Kc6 34. g5 fxg5 35. hxg5 Rcc2 36. Rh3 Rg2 37. Rxh7 Rxg5 38. Rh8 Re2 39. a4 Rxe4 40. axb5+ axb5 41. Rc1+ Rc4 42. Rc8+ Kd5 43. Rd8+ Ke6 44. Re8+ Kd7 45. Rxc4 bxc4 46. Rf8 e4 47. Rf4 Re5 48. Kg1 c3 49. Rf1 Rg5+ 50. Kh2 e3 0-1

[Event "Tunja Boyacense op"]
[Site "Tunja"]
[Date "2018.12.15"]
[Round "4"]
[White "Cuellar Canosa, Nicolas"]
[Black "Rativa Jimenez, Laura Milena"]
[Result "1-0"]
[WhiteElo "1833"]
[BlackElo "1447"]
[PlyCount "45"]
[EventDate "2018.12.13"]
[EventType "swiss"]
[EventRounds "7"]
[EventCountry "COL"]
[SourceTitle "CBM 187 Extra"]
[Source "ChessBase"]
[SourceDate "2018.11.04"]
[SourceVersion "1"]
[SourceVersionDate "2018.11.04"]
[SourceQuality "1"]

1. e4 e5 2. Bc4 Nf6 3. d3 Nc6 4. Nc3 d6 5. f4 Be7 6. Nf3 Bg4 7. h3 Bxf3 8. Qxf3 Nd4 9. Qf2 Nd7 10. Bxf7+ Kf8 11. 0-0 Nf6 12. Bb3 Nxb3 13. axb3 a6 14. g4 Ke8 15. fxe5 dxe5 16. g5 Rf8 17. gxf6 Rxf6 18. Qe2 Bc5+ 19. Be3 Rg6+ 20. Kh2 Bd4 21. Bxd4 exd4 22. Qf3 Qd7 23. Qf8# 1-0